[Event "EU-ch Rapid (Women)"]
[Site "Monaco"]
[Date "2024.01.14"]
[Round "7"]
[White "Charkhalashvili, Inga"]
[Black "Stefanova, Antoaneta"]
[Result "0-1"]
[WhiteElo "2239"]
[BlackElo "2431"]
[PlyCount "88"]
[EventDate "2024.01.13"]
[EventType "swiss (rapid)"]
[EventRounds "11"]
[EventCountry "MNC"]
[SourceTitle "CB03_2024"]
[SourceDate "2024.01.17"]
[SourceVersion "1"]
[SourceVersionDate "2024.01.17"]
[SourceQuality "1"]

1. d4 d5 2. c4 c6 3. Nc3 Nf6 4. Nf3 a6 5. e3 e6 6. Bd3 dxc4 7. Bxc4 b5 8. Bd3 c5 9. 0-0 Bb7 10. Qe2 Nbd7 11. Rd1 Qc7 12. h3 Be7 13. dxc5 Nxc5 14. Bc2 0-0 15. a3 Nce4 16. Bd2 Nxd2 17. Nxd2 b4 18. axb4 Bxb4 19. Qc4 Qe7 20. Qh4 h6 21. Nc4 a5 22. Ne5 Rac8 23. Nd7 Rfd8 24. Nxf6+ Qxf6 25. Qxf6 gxf6 26. Rxd8+ Rxd8 27. Be4 Ba6 28. Bc6 Rc8 29. Bb5 Bb7 30. Na4 f5 31. b3 Be4 32. Bc4 Rd8 33. Nb6 Bc2 34. Rc1 Rd2 35. Na8 Bc3 36. Nc7 Bb2 37. Rf1 Bd3 38. Bxd3 Rxd3 39. Rb1 Rxb3 40. Na6 Rb5 41. Nc5 Rb8 42. Na4 Be5 43. Rc1 Bd6 44. Rc6 Rb1+ 0-1

[Event "EU-ch Blitz (Women)"]
[Site "Monaco"]
[Date "2024.01.12"]
[Round "9"]
[White "Charkhalashvili, Inga"]
[Black "Haussernot, Cecile"]
[Result "1-0"]
[WhiteElo "2239"]
[BlackElo "2136"]
[PlyCount "45"]
[EventDate "2024.01.12"]
[EventType "swiss (blitz)"]
[EventRounds "13"]
[EventCountry "MNC"]
[SourceTitle "CB03_2024"]
[SourceDate "2024.01.17"]
[SourceVersion "1"]
[SourceVersionDate "2024.01.17"]
[SourceQuality "1"]

1. d4 d5 2. c4 c6 3. Nc3 Nf6 4. Nf3 e6 5. e3 Nbd7 6. Bd3 dxc4 7. Bxc4 b5 8. Bb3 Bb7 9. 0-0 Bd6 10. Re1 0-0 11. e4 e5 12. d5 cxd5 13. Nxd5 Nxd5 14. Bxd5 Bxd5 15. Qxd5 Nc5 16. Be3 Qe7 17. Rad1 Rfd8 18. Bg5 Qe6 19. Bxd8 Rxd8 20. Nxe5 Na4 21. Qxe6 fxe6 22. Nc6 Rd7 23. e5 1-0

[Event "EU-ch Blitz (Women)"]
[Site "Monaco"]
[Date "2024.01.12"]
[Round "11"]
[White "Charkhalashvili, Inga"]
[Black "Ushenina, Anna"]
[Result "0-1"]
[WhiteElo "2239"]
[BlackElo "2415"]
[PlyCount "72"]
[EventDate "2024.01.12"]
[EventType "swiss (blitz)"]
[EventRounds "13"]
[EventCountry "MNC"]
[SourceTitle "CB03_2024"]
[SourceDate "2024.01.17"]
[SourceVersion "1"]
[SourceVersionDate "2024.01.17"]
[SourceQuality "1"]

1. d4 d5 2. c4 e6 3. Nc3 a6 4. e4 dxe4 5. Nxe4 Bb4+ 6. Nc3 c5 7. d5 Nf6 8. Bg5 0-0 9. Be2 exd5 10. cxd5 Bxc3+ 11. bxc3 Qxd5 12. Qxd5 Nxd5 13. c4 Nc3 14. Bf3 Re8+ 15. Be3 Nc6 16. Bxc6 bxc6 17. Ne2 Nxe2 18. Kxe2 Be6 19. Rhc1 Rab8 20. Rc2 Rb4 21. Rac1 h6 22. h3 Bf5 23. Rd2 Re4 24. g4 Be6 25. Kf3 Rexc4 26. Rcd1 Bd5+ 27. Kg3 a5 28. Re1 Rc3 29. Kh2 a4 30. f4 a3 31. Bf2 Rb2 32. Ree2 Rxd2 33. Rxd2 c4 34. Bd4 Rd3 35. Rxd3 cxd3 36. Bc3 Bxa2 0-1

[Event "EU-ch Blitz (Women)"]
[Site "Monaco"]
[Date "2024.01.12"]
[Round "6"]
[White "Krasteva, Beloslava"]
[Black "Charkhalashvili, Inga"]
[Result "0-1"]
[WhiteElo "2251"]
[BlackElo "2239"]
[PlyCount "76"]
[EventDate "2024.01.12"]
[EventType "swiss (blitz)"]
[EventRounds "13"]
[EventCountry "MNC"]
[SourceTitle "CB03_2024"]
[SourceDate "2024.01.17"]
[SourceVersion "1"]
[SourceVersionDate "2024.01.17"]
[SourceQuality "1"]

1. d4 Nf6 2. c4 e6 3. Nc3 d5 4. cxd5 exd5 5. Bg5 c6 6. e3 h6 7. Bh4 Be7 8. Bd3 0-0 9. Nge2 Ne4 10. Bxe7 Qxe7 11. Bxe4 dxe4 12. Ng3 f5 13. 0-0 Be6 14. f3 exf3 15. Rxf3 Nd7 16. Qe2 Rae8 17. Raf1 Nb6 18. b3 Qg5 19. Qd3 Nd5 20. Nce2 Nb4 21. Qd2 Nd5 22. Nf4 Nxf4 23. Rxf4 Bd5 24. Qf2 g6 25. e4 Be6 26. exf5 gxf5 27. Nxf5 Bxf5 28. Rxf5 Rxf5 29. Qxf5 Qxf5 30. Rxf5 Re2 31. Ra5 a6 32. Kf1 Rd2 33. Ra4 Kf7 34. Rb4 b5 35. a4 a5 36. axb5 axb4 37. b6 Rxd4 38. b7 Rd8 0-1

[Event "EU-ch Blitz (Women)"]
[Site "Monaco"]
[Date "2024.01.12"]
[Round "13"]
[White "Wagner, Dinara"]
[Black "Charkhalashvili, Inga"]
[Result "1/2-1/2"]
[WhiteElo "2459"]
[BlackElo "2239"]
[PlyCount "120"]
[EventDate "2024.01.12"]
[EventType "swiss (blitz)"]
[EventRounds "13"]
[EventCountry "MNC"]
[SourceTitle "CB03_2024"]
[SourceDate "2024.01.17"]
[SourceVersion "1"]
[SourceVersionDate "2024.01.17"]
[SourceQuality "1"]

1. d4 Nf6 2. c4 e6 3. Nf3 d5 4. g3 b6 5. cxd5 exd5 6. Bg2 Bd6 7. Nc3 0-0 8. 0-0 h6 9. Ne5 Bb7 10. Bf4 Nbd7 11. Nb5 Re8 12. Nxd6 cxd6 13. Nd3 Nf8 14. Bf3 Ne6 15. Be3 Ne4 16. Qb3 Qf6 17. Qa4 a6 18. Rfd1 b5 19. Qb4 Rec8 20. b3 Bc6 21. Nf4 a5 22. Qe1 Nxf4 23. Bxf4 b4 24. a3 Nc3 25. Rd2 Bb5 26. Kg2 Re8 27. Be3 Qf5 28. Rb2 Rac8 29. Rc1 bxa3 30. Rbc2 Ne4 31. Qxa5 Rxc2 32. Rxc2 Bd7 33. Ra2 Rb8 34. Qxa3 Nc3 35. Rb2 Nd1 36. Rd2 Nxe3+ 37. fxe3 Qe6 38. Kf2 Re8 39. Rd3 Bb5 40. Rc3 g5 41. Qa5 Bd7 42. Qxd5 Qh3 43. Rc7 Qxh2+ 44. Bg2 Be6 45. Qxd6 Bh3 46. Qd5 Re6 47. Qf3 Rf6 48. Qxf6 Qxg2+ 49. Ke1 Qxg3+ 50. Kd2 Qxc7 51. Qxh6 g4 52. Qg5+ Kf8 53. Qh6+ Ke8 54. Qh8+ Kd7 55. Qh5 Ke7 56. Qg5+ Kf8 57. Qh6+ Ke8 58. Qh8+ Ke7 59. Qh4+ Kd7 60. Qh5 Ke8 1/2-1/2

[Event "Kavala op 32nd"]
[Site "Kavala"]
[Date "2023.07.29"]
[Round "2"]
[White "Charkhalashvili, Inga"]
[Black "Sammed Jaykumar, Shete"]
[Result "0-1"]
[WhiteElo "2273"]
[BlackElo "2451"]
[PlyCount "124"]
[EventDate "2023.07.28"]
[EventType "swiss"]
[EventRounds "9"]
[EventCountry "GRE"]
[SourceTitle "CBM 215 Extra"]
[Source "ChessBase"]
[SourceDate "2023.09.30"]
[SourceVersion "1"]
[SourceVersionDate "2023.09.30"]
[SourceQuality "1"]

1. Nf3 d5 2. d4 Nf6 3. Bf4 c5 4. e3 Nc6 5. c3 Qb6 6. b3 Bf5 7. Bd3 Bxd3 8. Qxd3 e6 9. 0-0 Be7 10. Nbd2 0-0 11. dxc5 Qxc5 12. b4 Qb6 13. a4 a5 14. b5 Nb8 15. e4 dxe4 16. Nxe4 Rd8 17. Nxf6+ Bxf6 18. Qc4 Nd7 19. Be3 Qd6 20. Rad1 Ne5 21. Qe2 Qc7 22. Nxe5 Bxe5 23. Rxd8+ Rxd8 24. f4 Bd6 25. c4 Rc8 26. Qf3 Bc5 27. Rc1 Rd8 28. Qe4 Rd2 29. Bxc5 Qxc5+ 30. Kh1 Rd8 31. h3 b6 32. Qe5 Qa3 33. Ra1 Qe7 34. f5 Qf6 35. Qxf6 gxf6 36. fxe6 fxe6 37. c5 bxc5 38. Rc1 Rd4 39. b6 Rb4 40. Rxc5 Rxb6 41. Rxa5 Kf7 42. Rh5 Rb1+ 43. Kh2 Kg6 44. Rb5 Ra1 45. a5 e5 46. Kg3 Ra3+ 47. Kf2 h5 48. Rc5 Kg5 49. Rb5 h4 50. Rb8 Kf4 51. Rh8 Ra2+ 52. Kg1 f5 53. Kh2 Ke3 54. Rh5 Ke4 55. Rxh4+ f4 56. Rg4 Ke3 57. Rg5 e4 58. h4 f3 59. Rf5 Rxg2+ 60. Kh3 Rg8 61. a6 f2 62. a7 Ke2 0-1

[Event "Kavala op 31st"]
[Site "Kavala"]
[Date "2022.07.28"]
[Round "4"]
[White "Charkhalashvili, Inga"]
[Black "Zawadzka, Jolanta"]
[Result "1-0"]
[WhiteElo "2276"]
[BlackElo "2416"]
[PlyCount "113"]
[EventDate "2022.07.26"]
[EventType "swiss"]
[EventRounds "9"]
[EventCountry "GRE"]
[SourceTitle "CBM 209 Extra"]
[Source "ChessBase"]
[SourceDate "2022.09.30"]
[SourceVersion "1"]
[SourceVersionDate "2022.09.30"]
[SourceQuality "1"]

1. d4 d5 2. Nf3 Nf6 3. Bf4 c5 4. e3 Nc6 5. c3 Qb6 6. Qb3 c4 7. Qc2 Bf5 8. Qc1 e6 9. Be2 h6 10. Nbd2 Be7 11. 0-0 0-0 12. b3 cxb3 13. axb3 Nh5 14. Be5 f6 15. Bg3 Nxg3 16. hxg3 Rfc8 17. Qb2 a5 18. Ra4 Bg6 19. Rfa1 Qc7 20. Nb1 Nd8 21. Nfd2 Be8 22. R4a2 b5 23. b4 a4 24. Nb3 Bd6 25. Nc5 Qb6 26. Nd2 Bb8 27. Bf3 Ra7 28. Qb1 Re7 29. Qd3 Qd6 30. e4 Nf7 31. exd5 exd5 32. Bh5 Qc6 33. Bxf7+ Bxf7 34. Nf3 Qe8 35. Nh4 g6 36. Nf3 Kg7 37. Nd2 g5 38. Qf3 h5 39. Nf1 g4 40. Qd1 Bg6 41. Qd2 Rd8 42. Rc1 Qc6 43. Re1 Rde8 44. Re3 Kf7 45. Ra1 Rxe3 46. Nxe3 Qd6 47. Qa2 Rxe3 48. fxe3 Qxg3 49. Qxd5+ Kg7 50. Kf1 Qxe3 51. Re1 Qf4+ 52. Ke2 Qg3 53. Rf1 Bd6 54. Qb7+ Kh6 55. Rxf6 Kg5 56. Re6 Bf5 57. Qg7+ 1-0

[Event "Titled Tuesday intern op 12th Jan"]
[Site "Chess.com INT"]
[Date "2021.01.12"]
[Round "5"]
[White "Charkhalashvili, Inga"]
[Black "Sakorenko, Adriana"]
[Result "0-1"]
[WhiteElo "2276"]
[BlackElo "2216"]
[PlyCount "46"]
[EventDate "2021.01.12"]
[EventType "swiss (blitz)"]
[EventRounds "11"]
[EventCountry "USA"]
[SourceTitle "CBM 200 Extra"]
[Source "ChessBase"]
[SourceDate "2021.03.31"]
[SourceVersion "1"]
[SourceVersionDate "2021.03.31"]
[SourceQuality "1"]

1. d4 Nf6 2. c4 c5 3. d5 b5 4. cxb5 a6 5. bxa6 g6 6. Nc3 Bg7 7. Nf3 Bxa6 8. g3 0-0 9. Bg2 d6 10. 0-0 Nbd7 11. Re1 Qa5 12. e4 Rfb8 13. e5 Ng4 14. e6 Nde5 15. exf7+ Kxf7 16. Ng5+ Kg8 17. f4 c4 18. Nge4 Qb6+ 19. Kh1 Nd3 20. Rf1 Ngf2+ 21. Nxf2 Nxf2+ 22. Rxf2 Qxf2 23. Rb1 Bxc3 0-1

[Event "Titled Tuesday intern op 12th Jan"]
[Site "Chess.com INT"]
[Date "2021.01.12"]
[Round "11"]
[White "Charkhalashvili, Inga"]
[Black "Sarkar, Justin"]
[Result "1-0"]
[WhiteElo "2276"]
[BlackElo "2366"]
[PlyCount "67"]
[EventDate "2021.01.12"]
[EventType "swiss (blitz)"]
[EventRounds "11"]
[EventCountry "USA"]
[SourceTitle "CBM 200 Extra"]
[Source "ChessBase"]
[SourceDate "2021.03.31"]
[SourceVersion "1"]
[SourceVersionDate "2021.03.31"]
[SourceQuality "1"]

1. d4 Nf6 2. c4 g6 3. f3 c5 4. d5 d6 5. e4 Bg7 6. Nc3 e6 7. Bd3 exd5 8. exd5 0-0 9. Nge2 Nbd7 10. 0-0 Ne5 11. Bg5 h6 12. Bh4 Nxd3 13. Qxd3 Bf5 14. Ne4 g5 15. Bf2 Nxe4 16. fxe4 Bg6 17. Ng3 Bxb2 18. Rab1 Be5 19. Rxb7 Qc8 20. Rb3 f5 21. exf5 Bxf5 22. Nxf5 Qxf5 23. Qe2 Rae8 24. Qh5 Bg7 25. Rf3 Qe4 26. Re3 Qxe3 27. Bxe3 Rxf1+ 28. Kxf1 Rxe3 29. Qg6 Rc3 30. Qxd6 Rxc4 31. Qe6+ Kh7 32. d6 Rd4 33. Qf5+ Kh8 34. Qxc5 1-0

[Event "Titled Tuesday intern op 12th Jan"]
[Site "Chess.com INT"]
[Date "2021.01.12"]
[Round "10"]
[White "Storn, Justin T"]
[Black "Charkhalashvili, Inga"]
[Result "1-0"]
[WhiteElo "2112"]
[BlackElo "2276"]
[PlyCount "121"]
[EventDate "2021.01.12"]
[EventType "swiss (blitz)"]
[EventRounds "11"]
[EventCountry "USA"]
[SourceTitle "CBM 200 Extra"]
[Source "ChessBase"]
[SourceDate "2021.03.31"]
[SourceVersion "1"]
[SourceVersionDate "2021.03.31"]
[SourceQuality "1"]

1. d4 Nf6 2. c4 e6 3. Nc3 d5 4. cxd5 exd5 5. Bg5 Bb4 6. e3 0-0 7. Bd3 h6 8. Bh4 c5 9. Nf3 Bg4 10. 0-0 c4 11. Bc2 Be7 12. h3 Bh5 13. g4 Bg6 14. Bxg6 fxg6 15. Ne5 g5 16. Bg3 Nc6 17. f4 gxf4 18. Bxf4 Bd6 19. Ng6 Re8 20. Bxd6 Qxd6 21. Qf3 Kh7 22. Nh4 Ne7 23. Rae1 Kh8 24. Kh1 Rf8 25. Qf4 Qe6 26. Nf5 Ng6 27. Qg3 Ne4 28. Nxe4 Qxe4+ 29. Qg2 Rae8 30. Qxe4 Rxe4 31. Kg2 Kg8 32. Kg3 Rfe8 33. Rf3 R8e6 34. Kf2 Rb6 35. Re2 Re8 36. Ng3 Nh4 37. Rf4 g5 38. Rf5 Nxf5 39. gxf5 Kf7 40. Kf3 Kf6 41. Kg4 Kg7 42. e4 dxe4 43. Nxe4 Rd6 44. f6+ Kf8 45. Nxd6 Rxe2 46. Nxc4 Re4+ 47. Kf5 Rxd4 48. Ne5 Rd5 49. Ke6 Rxe5+ 50. Kxe5 Kf7 51. Kf5 b6 52. b3 a5 53. a4 h5 54. Kxg5 h4 55. Kxh4 Kxf6 56. Kg4 Kg6 57. Kf4 Kf6 58. Ke4 Ke6 59. Kd4 Kd6 60. Kc4 Ke6 61. Kb5 1-0

[Event "Gaprindashvili Cup (Women)"]
[Site "Tornelo INT"]
[Date "2020.11.10"]
[Round "9"]
[White "Charkhalashvili, Inga"]
[Black "Khomeriki, Nino"]
[Result "1/2-1/2"]
[WhiteElo "2276"]
[BlackElo "2293"]
[PlyCount "26"]
[EventDate "2020.11.08"]
[EventType "swiss (rapid)"]
[EventRounds "9"]
[EventCountry "GEO"]
[SourceTitle "CBM 199 Extra"]
[Source "ChessBase"]
[SourceDate "2021.01.31"]
[SourceVersion "1"]
[SourceVersionDate "2021.01.31"]
[SourceQuality "1"]

1. d4 Nf6 2. c4 e6 3. Nf3 d5 4. Bg5 Be7 5. e3 0-0 6. Nc3 h6 7. Bh4 b6 8. cxd5 Nxd5 9. Bxe7 Nxe7 10. Be2 Bb7 11. 0-0 Nd7 12. Rc1 c5 13. Nb5 a6 1/2-1/2

[Event "Gaprindashvili Cup (Women)"]
[Site "Tornelo INT"]
[Date "2020.11.08"]
[Round "1"]
[White "Bedoshvili, Dea"]
[Black "Charkhalashvili, Inga"]
[Result "0-1"]
[WhiteElo "1667"]
[BlackElo "2276"]
[PlyCount "54"]
[EventDate "2020.11.08"]
[EventType "swiss (rapid)"]
[EventRounds "9"]
[EventCountry "GEO"]
[SourceTitle "CBM 199 Extra"]
[Source "ChessBase"]
[SourceDate "2021.01.31"]
[SourceVersion "1"]
[SourceVersionDate "2021.01.31"]
[SourceQuality "1"]

1. d4 Nf6 2. Nf3 e6 3. e3 c5 4. c3 Nc6 5. Bd3 d5 6. Nbd2 Be7 7. 0-0 0-0 8. Qc2 h6 9. dxc5 Bxc5 10. e4 Re8 11. b3 e5 12. exd5 Nxd5 13. Ne4 Bf8 14. Ng3 Bg4 15. Nd2 Rc8 16. Bc4 b5 17. Bxd5 Qxd5 18. c4 Nd4 19. Qe4 Qxe4 20. Ngxe4 Be2 21. Re1 bxc4 22. Bb2 Bd3 23. Bxd4 exd4 24. bxc4 Bb4 25. f3 Bxe4 26. Nxe4 Bxe1 27. Rxe1 f5 0-1